Home improvement tools and equipment
| Main Author: | |
|---|---|
| Format: | Book |
| Published: |
Blue Ridge Summit :
Tab Books ,
1994
|
| Subjects: |
MARC
| LEADER | 00000cam a2200000 7i4500 | ||
|---|---|---|---|
| 001 | 0000002987 | ||
| 002 | 000003233 | ||
| 005 | 20000330.0 | ||
| 020 | |a 0830644202 | ||
| 090 | 0 | 0 | |a 643.7 |b JAC |
| 100 | 1 | |a Jacobs, David H | |
| 245 | 1 | 0 | |a Home improvement tools and equipment |c David H.Jacobs,Jr |
| 260 | |a Blue Ridge Summit : |b Tab Books , |c 1994 | ||
| 300 | |a 157p. ; |c 23cm. | ||
| 650 | 0 | 0 | |a Dwellings |x Remodeling |x Equipment and supplies |
| 999 | |a 036560 |b BUKU |c PINJAMAN |e PERPUSTAKAAN KOMUNITI PETALING JAYA | ||